000 00301nam a2200121Ia 4500
008 190216s9999||||xx |||||||||||||| ||und||
100 _aAshok Kumar Srivasthava
245 0 _aHindi-Rashtriyatha Darshan Aur Amipyathik
260 _bLokahit Prakashan
300 _a174
650 _aHindi
942 _cBK
999 _c16363
_d16363